[Event "Krakow Winter op-B"]
[Site "Krakow"]
[Date "2022.01.20"]
[Round "9"]
[White "Kozak, Karol"]
[Black "Mazonik, Oliwier"]
[Result "0-1"]
[WhiteElo "1347"]
[BlackElo "1372"]
[PlyCount "108"]
[EventDate "2022.01.15"]
[EventType "swiss"]
[EventRounds "9"]
[EventCountry "POL"]
[SourceTitle "CBM 206 Extra"]
[Source "ChessBase"]
[SourceDate "2022.03.31"]
[SourceVersion "1"]
[SourceVersionDate "2022.03.31"]
[SourceQuality "1"]

1. e4 Nf6 2. e5 Nd5 3. d4 d6 4. c4 Nb6 5. exd6 exd6 6. Bd3 Nc6 7. Be3 Be7 8. Nf3 Bg4 9. a3 Bf6 10. 0-0 Bxd4 11. Bxd4 Nxd4 12. Qe1+ Ne6 13. Nbd2 Bxf3 14. Nxf3 0-0 15. Qe4 g6 16. b4 c6 17. Qe3 Qf6 18. Rfc1 Rfe8 19. Qd2 Nf4 20. Bf1 d5 21. c5 Nc4 22. Qd4 Qxd4 23. Nxd4 Nd2 24. Re1 Nxf1 25. Kxf1 Ne6 26. Nxe6 Rxe6 27. f3 Rae8 28. g4 Rxe1+ 29. Rxe1 Rxe1+ 30. Kxe1 f6 31. f4 Kf7 32. Kd2 Ke6 33. Kd3 h5 34. h3 hxg4 35. hxg4 g5 36. Ke3 gxf4+ 37. Kxf4 Ke7 38. Kf5 Kf7 39. a4 a6 40. a5 Ke7 41. g5 fxg5 42. Kxg5 Ke6 43. Kf4 Kf6 44. Ke3 Ke5 45. Kd3 Kf5 46. Kd4 Kf4 47. Kd3 Ke5 48. Ke3 d4+ 49. Kd3 Kd5 50. Kd2 Kc4 51. Kc2 Kxb4 52. Kd2 Kxa5 53. Kd3 Kb4 54. Kxd4 a5 0-1

[Event "Krakow Winter op-B"]
[Site "Krakow"]
[Date "2022.01.15"]
[Round "1"]
[White "Wykurz, Piotr"]
[Black "Mazonik, Oliwier"]
[Result "0-1"]
[WhiteElo "1121"]
[BlackElo "1372"]
[PlyCount "80"]
[EventDate "2022.01.15"]
[EventType "swiss"]
[EventRounds "9"]
[EventCountry "POL"]
[SourceTitle "CBM 206 Extra"]
[Source "ChessBase"]
[SourceDate "2022.03.31"]
[SourceVersion "1"]
[SourceVersionDate "2022.03.31"]
[SourceQuality "1"]

1. e4 e6 2. c4 c5 3. Nc3 Nc6 4. Nf3 Nge7 5. Nb5 d6 6. d4 a6 7. Nc3 cxd4 8. Nxd4 Nxd4 9. Qxd4 Nc6 10. Qd1 Be7 11. Be2 0-0 12. 0-0 Bf6 13. Be3 Qc7 14. Qd2 Bxc3 15. Qxc3 e5 16. b4 Ne7 17. Rad1 Be6 18. Rd2 d5 19. Bc5 d4 20. Qg3 Rfe8 21. Bxd4 f6 22. c5 Rad8 23. a3 Qc6 24. Bc3 Rxd2 25. Bxd2 Rd8 26. Bc1 Rd7 27. Kh1 Qxe4 28. Qe3 Qc2 29. Re1 Nf5 30. Qf3 Nd4 31. Qd3 Bf5 32. Qc4+ Kf8 33. Qxc2 Bxc2 34. Bd1 Ke7 35. f4 Bxd1 36. Rxd1 Ne2 37. Rxd7+ Kxd7 38. Bd2 Nxf4 39. Bxf4 exf4 40. Kg1 Kc6 0-1

[Event "POL-ch U17 Qual"]
[Site "Jastrzebia Gora"]
[Date "2021.11.18"]
[Round "5"]
[White "Mazonik, Oliwier"]
[Black "Szafranski, Maciej"]
[Result "0-1"]
[WhiteElo "1432"]
[BlackElo "1596"]
[PlyCount "58"]
[EventDate "2021.11.15"]
[EventType "swiss"]
[EventRounds "9"]
[EventCountry "POL"]
[SourceTitle "EXT 2023"]
[Source "ChessBase"]
[SourceDate "2022.10.05"]
[SourceVersion "1"]
[SourceVersionDate "2022.10.05"]
[SourceQuality "1"]

1. f4 d5 2. c4 e6 3. Nf3 Nf6 4. e3 c5 5. cxd5 exd5 6. Bb5+ Bd7 7. Bxd7+ Nbxd7 8. d4 Be7 9. 0-0 0-0 10. Nc3 a6 11. a4 Qc7 12. Ne5 Rfd8 13. Qf3 Nf8 14. g4 cxd4 15. exd4 Qb6 16. Be3 Qxb2 17. Rfc1 Rac8 18. Rab1 Qa3 19. Rxb7 Rxc3 20. Rxc3 Qxc3 21. Rxe7 Rb8 22. Rxf7 Rb2 23. Kh1 Ne4 24. f5 Qe1+ 25. Bg1 Rb1 26. Rxf8+ Kxf8 27. Qa3+ Kg8 28. Nf3 Qf1 29. h4 Qh3+ 0-1